Η προσαρμογή της Ελληνικής οικονομίας

Αποθηκεύτηκε σε:
Λεπτομέρειες βιβλιογραφικής εγγραφής
Κύριος συγγραφέας: Ρουμελιώτης, Παναγιώτης Β., 1947-
Μορφή: Βιβλίο
Γλώσσα:Greek
Δημοσίευση: Αθήνα : Παπαζήσης, 1988
Θέματα:
Ετικέτες: Προσθήκη ετικέτας
Δεν υπάρχουν, Καταχωρήστε ετικέτα πρώτοι!

MARC

LEADER 00000cam a2200000 i 4500
001 1/46927
008 960307s1988 gre d
035 |l 10026409 
040 |a GR-MY-UA  |b gre  |e aacr 
041 0 |a gre 
082 0 |a 330.9495 
100 1 |a Ρουμελιώτης, Παναγιώτης Β.,   |d 1947- 
245 1 2 |a Η προσαρμογή της Ελληνικής οικονομίας /  |c Παναγιώτης Ρουμελιώτης 
260 |a Αθήνα :   |b Παπαζήσης,   |c 1988 
300 |a 64 σ. 
500 |a Περιλαμβάνει βιβλιογραφία 
651 0 |a Greece  |x Economic conditions  |y 1974- 
852 |a INST  |b CHIOS  |e 19960307  |h 330.9495 ΡΟΥ  |p 005200002989  |q 005200002989  |t BK  |y 0 
909 |a Χ  |b 021855